=LDR 00000nam 2200000 4500 =001 INLIS000000000011689 =005 20130612103230 =008 ***********************************Ind** =035 ##$$0010-061300000011689 =041 ##$$a Ind =082 ##$$a 732.095 985 16 =090 ##$$a 732.095 985 16, Ham t =100 ##$$a Hambali, Halima =245 ##$$a Tinggalan megalit di sumatra Selatan, Dra.Halima Hambali =260 ##$$a 1998 $b Jakarta =300 ##$$a 55 hlm., ilus, 22 cm =650 ##$$a Mca =650 ##$$a Sumatra Selatan =710 ##$$a Proyek Pengembangan Media Kebudayaan =850 ##$$a NBPNMAT